000 00410nam a2200133Ia 4500
008 220204s9999 xx 000 0 und d
082 _a613.6
_bCRA.2
100 _aCralley, Laster V
245 0 _aIndustrial hygiene aspects of plant operations. V 2. Unit operations and product fabrication
260 _aNew York
_bMacmillan
_c1984
650 _aIndustrial hygiene
700 _aCralley, Lewis J
942 _cBK
999 _c38478
_d38478